000
00320nam a22001457a 4500
008
210427b ||||| |||| 00| 0 eng d
020
_a
0132145103
041
_a
eng
080
_a
004
082
_a
004
100
_a
28
101
_a
SHKI
245
_a
Digital Logic and Computer Design
_c
Mano,M.M
942
_2
udc
_c
BK
999
_c
56820
_d
56820